Известные памятники и скульптуры истории России - Statistics

General Stats
  • This quiz has been taken 39 times
  • The average score is 13 of 37
Answer Stats
Picture Answer % Correct
"Родина-мать зовет" в Волгограде
Евгений Вучетич
87%
"Рабочий и Колхозница" в Москве
Вера Мухина
81%
Памятник Минину и Пожарскому
Иван Мартос
77%
"Медный всадник" в Петербурге
Фальконе
74%
Памятник А.С. Пушкину в Москве
Александр Опекушин
71%
Александровская колонна
Огюст Монферран
55%
Памятники Кутузову и Барклаю-де-Толли в Петербурге
Борис Орловский
52%
Памятник маршалу Жукову на Красной площади
Вячеслав Клыков
52%
Памятник Екатерине II в Петербурге
Михаил Микешин
48%
"Тысячелетие России" в Великом Новгороде
Михаил Микешин
42%
Памятник затопленным кораблям в Севастополе
Амандус Адамсон
42%
Нестор-летописец
Марк Антокольский
42%
Памятник Юрию Долгорукому на Тверской
39%
Памятник Павлу I в Гатчине
Иван Витали
39%
Памятник Николаю I в Петербурге
Петр Клодт
39%
Квадрига Аполлона на фасаде Большого театра
Петр Клодт
35%
Памятник Владимиру Великому в Киеве
Петр Клодт
35%
Иван Грозный
Марк Антокольский
35%
Памятник Александру III в Петербурге
Павел Трубецкой
35%
Кони Аничкова моста
Петр Клодт
32%
"Защитникам Советского Заполярья" в Мурманске
Исаак Бродский
32%
Памятник Александру I в Таганроге
Иван Мартос
32%
"Брестская крепость-герой"
Александр Кибальников
29%
"Тыл-фронту" в Магнитогорске
Лев Головницкий
29%
Кони Нарвских ворот
Петр Клодт
26%
Памятник Суворову в Петербурге
Михаил Козловский
26%
Памятник Петру I у Михайловского замка
Бартоломео Растрелли, Франческо Растрелли
19%
Памятник Александру III в Москве
Александр Опекушин
19%
Памятник матросу и солдату в Севастополе
16%
"Мать-родина" на Пискаревском кладбище в Петербурге
16%
Монумент героическим защитникам Ленинграда
Михаил Яникушин
16%
Памятник Горькому в Нижнем Новгороде
Вера Мухина
16%
Памятник Богдану Хмельницкому в Киеве
Михаил Микешин
13%
"Перекуем мечи на орала" в Нью-Йорке
Евгений Вучетич
13%
Памятник Александру II в Кремле
Александр Опекушин
13%
Памятник основателям Одессы
Михаил Попов
10%
Мемориал "Героям-панфиловцам" в Дубосеково
Сергей Хаджибаронов
6%
No matching quizzes found
Score Distribution
Percent of People with Each Score
Percentile by Number Answered
Your Score History
You have not taken this quiz